000 01601nam a2200373 c 4500
001 58394
003 CO-BoRNBP
005 20250822140851.0
007 ta
008 231010s2022 ck a g 001 0 spa
020 _a9789585105867
040 _aCO-BoRNBP
_bspa
_erda
_cCO-BoRNBP
041 0 _hspa
043 _as-ck---
082 0 4 _a025.21874
_bS14c
_222
100 _aSaldarriaga Gutierrez, Sebastián
_eaut
_958922
245 1 0 _aCómo gestionar los recursos bibliotecarios :
_bguía práctica para bibliotecas vivas /
_cSebastián Saldarriaga Gutierrez, Ministerio de Cultura, Biblioteca Nacional de Colombia.
250 _aPrimera edición
264 1 _aBogotá, Colombia :
_bBiblioteca Nacional de Colombia,
_c2022
300 _a33 páginas :
_bilustraciones a color
336 _atexto
_btxt
_2rdacontent
337 _asin mediación
_bn
_2rdamedia
338 _avolumen
_bnc
_2rdacarrier
490 0 _aBibliotecas vivas
505 0 _aLa gestión de los recursos bibliotecarios. -- Salas y colecciones. -- Clasificación e integración de nuevo material bibliográfico. -- Descarte de material bibliográfico en 5 pasos. -- Organización del espacio. -- Ejercicios de apropiación de contenidos
521 _aRecomendado para un público adulto
650 0 7 _aAdministracion de Bibliotecas
_2LEMB
_91912
650 0 7 _aDesarrollo de Colecciones Bibliograficas
_2LEMB
_963078
650 0 7 _aRecursos de información
_2LEMB
_958924
650 0 7 _aBibliotecas Publicas
_2LEMB
_922415
710 _aMinisterio de Cultura
710 _aBiblioteca Nacional de Colombia
_91889
942 _2ddc
_cBK
999 _c58394
_d58394